Statistiques concernant Les candidats de Secret Story

Cliquez ici pour prendre le quiz!

Statistiques générales

  • Ce quiz a été pris 123 fois
  • Le résultat moyen est 90 sur 191

Statistiques - réponses

Réponse% Correct
Ben
88%
Julie
88%
Thomas
83%
Marie
82%
Amélie
80%
Benoit
80%
Benoît
80%
Anaïs
78%
Emilie
77%
Julien
75%
Bastien
74%
Laura
74%
Mélanie
74%
Noré
73%
Vincent
73%
Coralie
72%
John
71%
Kamila
71%
Manon
69%
Sara
68%
Saison 9Ali
67%
Aurelie
66%
Eddy
66%
Geof
66%
Nadege
66%
Nadège
66%
Remi
64%
Sarah
64%
Darko
63%
Ayem
61%
Jonathan
61%
Nathalie
60%
Senna
60%
Geoffrey
59%
Kevin
59%
Maéva
58%
Maeva
58%
Alia
57%
Nicolas
57%
Steph
57%
Vanessa
57%
Leïla
55%
Vivian
55%
Barbara
54%
Fanny
54%
Loic
54%
Marvin
54%
Saison 7Alexia
53%
Clara
53%
Saison 11Alain
52%
Capucine
52%
Zelko
52%
Charlène
51%
Jaja
51%
Sabrina
51%
Stephanie
51%
Zarko
51%
Caroline
50%
Morgan
50%
Aymeric
48%
Xavier
48%
Benjamin
47%
Charles
47%
Saison 10 | Saison 6Alexandre
46%
Juliette
46%
Tatiana
46%
Karisma
45%
Morgane
45%
Sophia
45%
Florine
44%
Cindy
43%
Daniel
43%
Gautier
42%
Pierre
42%
Arthur
41%
FX
41%
Jessica
41%
Léo
41%
Tanya
41%
Jordan
40%
Matthias
40%
Maxime
40%
Charlotte
38%
Jamel
38%
Simon
38%
Guillaume
36%
Sacha
35%
Virginie
35%
Audrey
34%
Bryan
34%
Romain
34%
Saison 5Anthony
33%
Claudia
33%
Damien
33%
Makao
33%
Laurent
32%
Saison 2Alexandra
31%
Anne Krystel
31%
Elodie
31%
Tara
31%
Tony
31%
Yoann
31%
Alice
30%
David
30%
Quentin
30%
Cassandre
29%
Erwan
29%
Lally
29%
Mathieu
29%
Bruno
28%
Athénaïs
27%
Cyril
27%
Daniela
27%
Ginie
27%
Rudy
27%
Lydia
26%
Mickael
26%
Robin
26%
Stéfan
26%
Saison 3Angie
25%
Didier
25%
Elisabeth
24%
Elise
24%
Frédéric
24%
Marion
24%
Martin
24%
Maryline
24%
Midou
24%
Samantha
24%
Gabriel
23%
Marie France
23%
Shine
23%
Saison 4Ahmed
22%
Johanna
22%
Ophélie
22%
Shirley
22%
Isabella
21%
Isabelle
21%
John David
21%
Marjorie
21%
Saison 8Abdel
20%
Saison 1Cyrielle
20%
Liam
20%
Nony
20%
Serguei
20%
Maija
19%
Marie Josee
18%
Marilyn
17%
Ylies
17%
Hayder
16%
Illiesse
15%
Joanna
14%
Chrimaelle
3%

Distribution des résultats

Percentile par nombre de réponses

% des personnes avec chaque résultat

Votre développement - résultats

Vous n’avez pas pris ce quiz